Vista normal
Vista MARC
Entrada Nombre personal
Número de registros utilizados en: 5
001 - NÚMERO DE CONTROL
- campo de control: 18796
003 - IDENTIFICADOR DEL NÚMERO DE CONTROL
- campo de control: BNPHU
005 - FECHA Y HORA DE LA ÚLTIMA TRANSACCIÓN
- campo de control: 20240304144917.0
008 - DATOS DE LONGITUD FIJA
- campo de control de longitud fija: 200615|| aca||aabn | a|a d
040 ## - FUENTE DE LA CATALOGACIÓN
- Centro catalogador/agencia de origen: DO-SdBNP
- Lengua de catalogación: spa
- Centro/agencia transcriptor: BNPHU
- Normas de descripción: rda
100 1# - ENCABEZAMIENTO-NOMBRE DE PERSONA
- Nombre de persona: Rodríguez Perozo, Andrea Evangelina,
- Fechas asociadas al nombre: 1879-1947
370 ## - LUGAR ASOCIADO
- Lugar de nacimiento: Higüey, República Dominicana
374 ## - OCUPACIÓN
- Ocupación: Medicina
- Ocupación: Escritora
375 ## - GÉNERO/SEXO
- Género/Sexo: Feminino
377 ## - LENGUA/LENGUAJE ASOCIADO
- Código del idioma: spa
400 1# - TRAZADO DE VÉASE--NOMBRE DE PERSONA
- Nombre de persona: Rodríguez, Evangelina,
- Fechas asociadas al nombre: 1879-1947
400 1# - TRAZADO DE VÉASE--NOMBRE DE PERSONA
- Nombre de persona: Perozo, Andrea Evangelina Rodríguez,
- Fechas asociadas al nombre: 1879-1947
670 ## - FUENTE DE DATOS ENCONTRADOS
- Cita de la fuente: Work cat.: (OSt)6542: Zaglul, Antonio, 1920-1996 18795, Despreciada en la vida y olvidada en la muerte :, 1980.
670 ## - FUENTE DE DATOS ENCONTRADOS
- Cita de la fuente: Wikipedia, 28, julio. 2022
- Información encontrada: (Andrea Evangelina Rodríguez Perozo (San Rafael del Yuma, La Altagracia, República Dominicana,10 de noviembre de 1879- 1947) fue escritora y médica dominicana. Primera mujer dominicana que fue graduada en Medicina. Pionera del ensayo femenino dominicano)
